000 00796nam a22002297a 4500
999 _c19468
_d19468
003 AR-CdUCM
008 190315b ||||| |||| 00| 0 spa d
040 _aMUNICIPALIDAD PROVINCIAL DEL CUSCO
_cBIBLIOTECA MUNICIPAL DEL CUSCO
082 _a574.8 /
_bP26
100 _aParker, Gary E.
_940808
245 _aBiomoléculas base de la vida /
260 _aMéxico :
_bLimusa,
_c1975.
300 _a180 paginas ;
_c25 cm.
440 _aCentro regional de ayuda técnica
_940809
505 _aContenido : Objetivos del programa de evaluación -- Carbohidratos y su estructura -- Proteínas y su función...
650 _aCarbohidratos
_940810
650 _aProteínas
_923387
650 _aAcidos nucleicos
_940811
700 _aMertens, Thomas R.
_940812
942 _2ddc
_cLIBROS
945 _arcc